Countries Without First and Last Letter #3 - Statistics

General Stats
  • This quiz has been taken 255 times
  • The average score is 17 of 21
Answer Stats
Hint Country % Correct
ORTUGA Portugal
97%
ZERBAIJA Azerbaijan
96%
AHAMA Bahamas
96%
IMBABW Zimbabwe
96%
JIBOUT Djibouti
93%
OMALI Somalia
91%
ANGLADES Bangladesh
88%
OROCC Morocco
86%
URKE Turkey
86%
RGENTIN Argentina
85%
AHRAI Bahrain
85%
LBANI Albania
83%
LOVAKI Slovakia
80%
RUNE Brunei
77%
ARBADO Barbados
70%
ENEZUEL Venezuela
70%
USSI Russia
67%
EME Yemen
62%
ERBI Serbia
61%
URUND Burundi
58%
AMO Samoa
45%
No matching quizzes found
Score Distribution
Percent of People with Each Score
Percentile by Number Answered
Your Score History
You have not taken this quiz